[Event "Hamburger Einzelturniere 2005"]
[Site "Hamburg"]
[Date "2005.08.14"]
[Round "1.1"]
[White "Reddmann, Hauke"]
[Black "Becker-Bertau, Friedrich"]
[Result "1-0"]
[WhiteElo "2336"]
[BlackElo "1859"]
[PlyCount "127"]
[EventDate "2005.??.??"]

1. d4 Nf6 2. Bg5 h6 3. Bxf6 exf6 4. e3 d5 5. c4 Bb4+ 6. Nc3 O-O 7. Qb3 Bxc3+ 8.
bxc3 c6 9. cxd5 cxd5 10. Ne2 Qd6 11. Nf4 Rd8 12. c4 Nc6 13. Nxd5 Be6 14. Nc3
Na5 15. Qa4 b6 16. Rc1 Rac8 17. c5 Rxc5 18. Be2 Nb3 19. axb3 Ra5 20. Ne4 Qf8
21. Qxa5 bxa5 22. Nc5 Bxb3 23. Nxb3 Qa3 24. Bd1 a4 25. Ra1 Qb4+ 26. Nd2 a3 27.
Ra2 Rb8 28. O-O Qc3 29. Ne4 Qd3 30. Nc5 Qc3 31. Bb3 Rxb3 32. Nxb3 Qxb3 33. Rfa1
f5 34. Rxa3 Qb2 35. R3a2 Qc3 36. Rd1 Qb3 37. Raa1 Qd5 38. Rxa7 g5 39. h3 h5 40.
Rc1 g4 41. hxg4 hxg4 42. Rc8+ Kg7 43. Rcc7 Qb3 44. Rxf7+ Kg6 45. Kh2 g3+ 46.
Kxg3 Qd1 47. Rg7+ Kf6 48. Raf7+ Ke6 49. Rf8 Qh5 50. Rfg8 f4+ 51. exf4 Qf5 52.
Rg6+ Kf7 53. R8g7+ Kf8 54. Rg5 Qd3+ 55. f3 Qxd4 56. Rb7 Qa1 57. Rf5+ Kg8 58.
Re5 Kf8 59. Ree7 Qc3 60. Rec7 Qe1+ 61. Kg4 Qe6+ 62. f5 Qe8 63. Rf7+ Kg8 64.
Rg7+ 1-0

[Event "Hamburger Einzelturniere 2005"]
[Site "Hamburg"]
[Date "2005.08.14"]
[Round "1.2"]
[White "Kuhle, Sebastian"]
[Black "Meier, David-Geffrey"]
[Result "0-1"]
[WhiteElo "1813"]
[BlackElo "2202"]
[PlyCount "58"]
[EventDate "2005.??.??"]

1. d4 d5 2. c4 dxc4 3. Nf3 Nf6 4. e3 e6 5. Bxc4 a6 6. Nc3 b5 7. Bd3 Bb7 8. a3
c5 9. dxc5 Bxc5 10. b4 Bd6 11. Bb2 O-O 12. Ne2 Qe7 13. Ng3 Nbd7 14. O-O Rfd8
15. Re1 Nf8 16. Qe2 Ng6 17. Rad1 Rac8 18. Rd2 Bd5 19. Qd1 Bb8 20. Bb1 Bc4 21.
Ne4 Nxe4 22. Bxe4 Rxd2 23. Qxd2 Rd8 24. Qc3 f6 25. Qc2 f5 26. Bxf5 exf5 27.
Qxf5 Nh4 28. Qg4 Nxf3+ 29. gxf3 Be5 0-1

[Event "Hamburger Einzelturniere 2005"]
[Site "Hamburg"]
[Date "2005.08.14"]
[Round "1.3"]
[White "Möhrmann, Marcus"]
[Black "Lochmann, Viktor"]
[Result "1-0"]
[WhiteElo "2126"]
[BlackElo "1773"]
[PlyCount "127"]
[EventDate "2005.??.??"]

1. e4 d6 2. d4 Nf6 3. Nc3 g6 4. Be2 Nbd7 5. Be3 Bg7 6. h4 c5 7. dxc5 Nxc5 8.
Bxc5 dxc5 9. Qxd8+ Kxd8 10. O-O-O+ Kc7 11. h5 gxh5 12. Bxh5 Nxh5 13. Rxh5 b6
14. Rd3 Bxc3 15. Rxc3 Be6 16. Nh3 Bg4 17. Rh4 Rag8 18. Nf4 Bd7 19. g3 e6 20. b4
Kd6 21. bxc5+ bxc5 22. Rh5 Rc8 23. Nd3 f5 24. exf5 exf5 25. Rh6+ Ke7 26. Nxc5
Rc6 27. Re3+ Kd8 28. Rxc6 Bxc6 29. Ra3 Kc7 30. Ne6+ Kb6 31. Rb3+ Ka5 32. Nd4
Bd7 33. Rb7 Rd8 34. Rxa7+ Kb6 35. Ra3 Kc5 36. Rd3 Ra8 37. Nb3+ Kc6 38. Kb2 f4
39. gxf4 h5 40. f5 h4 41. Nd4+ Kc7 42. Rh3 Rh8 43. c4 Kd6 44. Kc3 Ke5 45. Rxh4
Ra8 46. f4+ Ke4 47. Rh7 Bxf5 48. Re7+ Kxf4 49. Rf7 Rxa2 50. Rxf5+ Ke4 51. Rf8
Ra3+ 52. Kb4 Ra7 53. Nb5 Rd7 54. Re8+ Kd3 55. c5 Rh7 56. c6 Rh4+ 57. Kb3 Rh5
58. Rd8+ Ke4 59. c7 Rxb5+ 60. Kc4 Rb1 61. Re8+ Kf4 62. c8=Q Rc1+ 63. Kd5 Rxc8
64. Rxc8 1-0

[Event "Hamburger Einzelturniere 2005"]
[Site "Hamburg"]
[Date "2005.08.14"]
[Round "1.4"]
[White "Diehl, Walter"]
[Black "Fraas, Henning"]
[Result "1/2-1/2"]
[WhiteElo "1752"]
[BlackElo "2125"]
[PlyCount "51"]
[EventDate "2005.??.??"]

1. e4 c6 2. d4 d5 3. e5 Bf5 4. f4 e6 5. Bd3 Ne7 6. Nf3 c5 7. c3 Qb6 8. dxc5
Qxc5 9. Nd4 Bxd3 10. Qxd3 Nec6 11. Be3 Qa5 12. b4 Qa4 13. O-O Nd7 14. Qb5 Nb6
15. f5 Qxb5 16. Nxb5 Nc4 17. Bd4 Kd7 18. fxe6+ fxe6 19. N1a3 N4xe5 20. Rae1
Nxd4 21. Nxd4 Bd6 22. Nab5 a6 23. Nxd6 Kxd6 24. Re3 Rae8 25. Rfe1 Nc4 26. Rxe6+
1/2-1/2

[Event "Hamburger Einzelturniere 2005"]
[Site "Hamburg"]
[Date "2005.08.14"]
[Round "1.6"]
[White "Schütt, Wilhelm"]
[Black "Holzweißig, Hans-Joachim"]
[Result "0-1"]
[WhiteElo "2102"]
[BlackElo "1732"]
[PlyCount "46"]
[EventDate "2005.??.??"]

1. e4 g6 2. d4 Bg7 3. Be3 c6 4. Qd2 d5 5. Nc3 dxe4 6. Nxe4 Nd7 7. O-O-O Ngf6 8.
Nxf6+ Nxf6 9. Bh6 Ne4 10. Qf4 Bxh6 11. Qxh6 Nxf2 12. Nf3 Nxd1 13. Qg7 Rf8 14.
Kxd1 Bg4 15. c3 Bxf3+ 16. gxf3 Qd5 17. Be2 Qxa2 18. Kc2 O-O-O 19. Qxh7 a5 20.
Qh4 a4 21. Rb1 Qb3+ 22. Kd2 e5 23. Bd1 Qd5 0-1

[Event "Hamburger Einzelturniere 2005"]
[Site "Hamburg"]
[Date "2005.08.14"]
[Round "1.7"]
[White "Bock, Oliver"]
[Black "Winnicki, Alice"]
[Result "1-0"]
[WhiteElo "1692"]
[BlackElo "2092"]
[PlyCount "85"]
[EventDate "2005.??.??"]

1. d4 Nf6 2. Nf3 g6 3. c4 Bg7 4. Nc3 O-O 5. e4 d6 6. Be2 Nc6 7. O-O e5 8. d5
Ne7 9. Ne1 Ne8 10. Be3 f5 11. f3 f4 12. Bf2 g5 13. Nd3 Rf6 14. c5 Rh6 15. Rc1
Nf6 16. cxd6 cxd6 17. Nb5 Qe8 18. Nxd6 Qh5 19. h4 gxh4 20. Rxc8+ Rxc8 21. Nxc8
Nxc8 22. d6 Qg5 23. Nxf4 exf4 24. d7 Nxd7 25. Qxd7 Nd6 26. Qh3 Bxb2 27. Bxa7
Qa5 28. Bf2 Qd2 29. Bd1 Rg6 30. Bb3+ Kh8 31. Rd1 Qa5 32. Rd5 Qc7 33. Rc5 Qd8
34. Bxh4 Bd4+ 35. Kh1 Qf8 36. Rg5 Qg7 37. Rxg6 Qxg6 38. Qe6 Kg7 39. Qg8+ Kh6
40. Qf8+ Qg7 41. Qxf4+ Kh5 42. Bf2 Qf6 43. Qg4+ 1-0

[Event "Hamburger Einzelturniere 2005"]
[Site "Hamburg"]
[Date "2005.08.14"]
[Round "1.8"]
[White "Homm, Marc-Michael"]
[Black "Olschok, Juergen"]
[Result "1-0"]
[WhiteElo "2055"]
[BlackElo "1660"]
[PlyCount "105"]
[EventDate "2005.??.??"]

1. d4 Nf6 2. Bg5 Ne4 3. Bf4 d5 4. f3 Nf6 5. e3 e6 6. Bd3 c5 7. c3 Nc6 8. Nd2
cxd4 9. exd4 Nh5 10. Be3 Bd6 11. Ne2 Qc7 12. g3 Bd7 13. Qc2 g6 14. f4 f5 15.
Nf3 a6 16. O-O b5 17. a3 Rc8 18. a4 Nb4 19. Qb1 Nxd3 20. Qxd3 Qc4 21. Qxc4 bxc4
22. Nd2 Nf6 23. b4 cxb3 24. Rfb1 Ng4 25. Bf2 Nxf2 26. Kxf2 Ke7 27. Rxb3 Rb8 28.
Ke3 Rxb3 29. Nxb3 Rb8 30. Nec1 h6 31. h4 g5 32. hxg5 hxg5 33. fxg5 Kf7 34. Nc5
Bc8 35. N1d3 Bxg3 36. Nf4 Rb2 37. g6+ Kg8 38. Nfxe6 Bxe6 39. Nxe6 f4+ 40. Nxf4
Bxf4+ 41. Kxf4 Rb3 42. Ke5 Kg7 43. Kxd5 Rxc3 44. Rb1 Ra3 45. Rb7+ Kxg6 46. Rb6+
Kf7 47. Rxa6 Ke7 48. Ra7+ Kd8 49. Kc6 Rc3+ 50. Kd6 Kc8 51. d5 Rc4 52. Ra5 Rb4
53. Rc5+ 1-0

[Event "Hamburger Einzelturniere 2005"]
[Site "Hamburg"]
[Date "2005.08.14"]
[Round "1.9"]
[White "Diz Suarez, Carlos"]
[Black "Schroeder, Gerhard"]
[Result "0-1"]
[WhiteElo "1659"]
[BlackElo "2040"]
[PlyCount "62"]
[EventDate "2005.??.??"]

1. e4 c5 2. Nf3 e6 3. d4 cxd4 4. Nxd4 Nf6 5. Nc3 d6 6. Bg5 a6 7. Qd2 h6 8. Bxf6
gxf6 9. O-O-O Nc6 10. Nxc6 bxc6 11. Bc4 Bb7 12. Rhe1 Qa5 13. f4 h5 14. Kb1
O-O-O 15. g3 d5 16. exd5 cxd5 17. Bb3 d4 18. Ne4 Bb4 19. Qe2 Bxe1 20. Rxe1 Rh6
21. Qc4+ Kb8 22. Qe2 Qf5 23. Nf2 h4 24. Bc4 hxg3 25. hxg3 Rh2 26. Bd3 Qa5 27.
Rf1 Rdh8 28. Ka1 Rg2 29. g4 Rhh2 30. Kb1 Qd5 31. Be4 Rxf2 0-1

[Event "Hamburger Einzelturniere 2005"]
[Site "Hamburg"]
[Date "2005.08.14"]
[Round "1.10"]
[White "Schäfer, Jakob"]
[Black "Hauser, Christow"]
[Result "1-0"]
[WhiteElo "2033"]
[BlackElo "1592"]
[PlyCount "81"]
[EventDate "2005.??.??"]

1. e4 b6 2. d4 Bb7 3. Bd3 e6 4. Nf3 a6 5. O-O c5 6. c3 d6 7. Qe2 Nd7 8. Bf4 Be7
9. Na3 b5 10. Rad1 c4 11. Bb1 Ngf6 12. Bc1 Qc7 13. Nd2 e5 14. f4 g6 15. Nf3 h6
16. Kh1 Nh5 17. fxe5 Bg5 18. exd6 Qxd6 19. Qf2 O-O-O 20. Rfe1 f6 21. Nc2 Bxc1
22. Rxc1 Nf4 23. Ne3 Qb6 24. Rcd1 Rhf8 25. b3 Nd3 26. Bxd3 cxd3 27. Nd5 Bxd5
28. exd5 Ne5 29. Qg3 Nxf3 30. Qxf3 Rfe8 31. Qxd3 f5 32. c4 Qa5 33. Re2 Re4 34.
Rxe4 fxe4 35. Qxe4 bxc4 36. bxc4 Qa4 37. Qe6+ Kb8 38. Rb1+ Ka8 39. Qb6 Qd7 40.
Qxa6+ Qa7 41. Qc6+ 1-0

[Event "Hamburger Einzelturniere 2005"]
[Site "Hamburg"]
[Date "2005.08.14"]
[Round "1.11"]
[White "Ludwig, Jan"]
[Black "Bigalke, Andre"]
[Result "1-0"]
[WhiteElo "1566"]
[BlackElo "2026"]
[PlyCount "135"]
[EventDate "2005.??.??"]

1. e4 e5 2. d4 exd4 3. c3 dxc3 4. Nxc3 Nc6 5. Bc4 d6 6. Nge2 Nf6 7. Qb3 Ne5 8.
Bg5 c6 9. Nd4 Nxc4 10. Qxc4 Be7 11. O-O-O O-O 12. f4 Bg4 13. Rd2 b5 14. Qd3 Rc8
15. f5 b4 16. Nb1 c5 17. Nc2 c4 18. Qe3 Qa5 19. a3 c3 20. bxc3 bxc3 21. Rd3 Rb8
22. Nxc3 Rfc8 23. h3 Nxe4 24. Nxe4 Bxg5 25. Nxg5 Bxf5 26. Rd2 Rc3 27. Qe7 Qxa3+
28. Kd1 Bxc2+ 29. Rxc2 Rb1+ 30. Kd2 Rd3+ 31. Ke2 Rb8 32. Qe4 Rdb3 33. Qxh7+ Kf8
34. Qh8+ Ke7 35. Rc7+ Kf6 36. Rxf7+ Ke5 37. Qxg7+ Kd5 38. Rd1+ Kc6 39. Rc1+ Kb5
40. Rb7+ Rxb7 41. Qxb7+ Ka5 42. Qxa7+ Kb5 43. Qd7+ Ka5 44. Qc7+ Ka4 45. Rc4+
Kb5 46. Qc6+ Ka5 47. Qa8+ Kb5 48. Qxa3 Rxa3 49. Rc2 Rg3 50. Ne4 Rxg2+ 51. Kd3
Rg6 52. Rf2 Rh6 53. Rh2 Kc6 54. h4 Kd5 55. h5 Ke5 56. Ke3 Kf5 57. Kf3 d5 58.
Ng3+ Kg5 59. Rd2 Rd6 60. Ke3 Kg4 61. Ne4 d4+ 62. Kd3 Rd8 63. h6 Kf5 64. Rg2 Rh8
65. Rg5+ Kf4 66. Rh5 Kg4 67. Nf6+ Kf4 68. h7 1-0

[Event "Hamburger Einzelturniere 2005"]
[Site "Hamburg"]
[Date "2005.08.14"]
[Round "1.12"]
[White "Kyeck, Christopher"]
[Black "Kock, Rudolph"]
[Result "1-0"]
[WhiteElo "2017"]
[BlackElo "1545"]
[PlyCount "129"]
[EventDate "2005.??.??"]

1. d4 Nf6 2. c4 d6 3. Nc3 Bf5 4. f3 h6 5. e4 Bh7 6. Be3 c6 7. e5 dxe5 8. dxe5
Qxd1+ 9. Rxd1 Nfd7 10. f4 e6 11. a3 Bc5 12. Bc1 a5 13. Bd3 O-O 14. Nge2 f5 15.
Na4 Ba7 16. Bc2 Nc5 17. Nxc5 Bxc5 18. Nd4 Re8 19. h4 Na6 20. Nb3 a4 21. Nd4
Rad8 22. Be3 Bxd4 23. Bxd4 b5 24. Ke2 Bg6 25. h5 Bf7 26. Ke3 c5 27. Bc3 Rxd1
28. Bxd1 b4 29. axb4 cxb4 30. Bd4 b3 31. Be2 Rc8 32. Rd1 Nb4 33. Bb6 Nc2+ 34.
Kd2 Rb8 35. Bc7 Rb7 36. Bd6 Nd4 37. Rc1 Be8 38. Bd3 Bxh5 39. c5 Be8 40. Ke3 Nc6
41. Ba6 Ra7 42. Bb5 a3 43. bxa3 Rxa3 44. Rb1 b2+ 45. Kd2 Rg3 46. Bf1 Rb3 47.
Bc4 Rg3 {(=)} 48. Bxe6+ Bf7 49. Bxf5 Rxg2+ 50. Kc3 Bg6 51. Bxg6 Rxg6 52. Rxb2
Kf7 53. Rb6 Nd8 54. c6 Rg3+ 55. Kd2 Rg2+ 56. Kd3 Rg3+ 57. Kc4 Rg1 58. c7 Rc1+
59. Kd5 Ne6 60. Rb7 Rd1+ 61. Kc6 Rc1+ 62. Kd7 Nf8+ 63. Bxf8 Kxf8 64. c8=Q+ Rxc8
65. Kxc8 1-0

[Event "Hamburger Einzelturniere 2005"]
[Site "Hamburg"]
[Date "2005.08.14"]
[Round "1.13"]
[White "Opasiak, Dustin Tennessee"]
[Black "Szudra, Heinz-Werner"]
[Result "0-1"]
[WhiteElo "1541"]
[BlackElo "2016"]
[PlyCount "106"]
[EventDate "2005.??.??"]

1. e4 e6 2. d4 d5 3. Nc3 Bb4 4. e5 c5 5. a3 Bxc3+ 6. bxc3 Ne7 7. Nf3 b6 8. Bd3
Ba6 9. O-O Bxd3 10. Qxd3 Nd7 11. Bd2 Qc7 12. Rfe1 h6 13. h3 Rc8 14. Rac1 Nc6
15. Nh2 Na5 16. f4 Nc4 17. Nf3 Nxd2 18. Qxd2 cxd4 19. cxd4 Qc3 20. Re3 Qxd2 21.
Nxd2 Ke7 22. c4 Rc7 23. Rg3 Rhc8 24. Rxg7 dxc4 25. Ne4 Kf8 26. Rh7 Kg8 27. Rxh6
Kg7 28. Rh4 b5 29. Rg4+ Kf8 30. Nd6 Rb8 31. h4 Rc6 32. Rg3 Ke7 33. Rg7 Rxd6 34.
exd6+ Kxd6 35. Rxf7 a5 36. h5 Nb6 37. g4 b4 38. axb4 axb4 39. h6 b3 40. Ra7 b2
41. Re1 c3 42. Ra2 Nd5 43. Ra6+ Nb6 44. h7 Kc7 45. Ra7+ Kc6 46. Rxe6+ Kd5 47.
h8=Q Rxh8 48. Rxb6 c2 49. Rd7+ Ke4 50. Re7+ Kf3 51. Rb3+ Kxg4 52. Rg7+ Kf5 53.
Kf2 b1=Q 0-1

[Event "Hamburger Einzelturniere 2005"]
[Site "Hamburg"]
[Date "2005.08.14"]
[Round "1.14"]
[White "Sellack, Helmut"]
[Black "Tost, Günther"]
[Result "1-0"]
[WhiteElo "1970"]
[BlackElo "1483"]
[PlyCount "71"]
[EventDate "2005.??.??"]

1. e4 c5 2. Nc3 d6 3. g3 Nc6 4. Bg2 e5 5. Nd5 b6 6. d3 Be6 7. c3 Rc8 8. Ne2 Be7
9. O-O Nf6 10. h3 Qd7 11. Kh2 O-O 12. f4 Bxd5 13. exd5 Na5 14. c4 Kh8 15. Nc3
Ne8 16. f5 Rg8 17. g4 Bf8 18. g5 g6 19. f6 a6 20. h4 b5 21. b3 Rb8 22. Ne4 b4
23. Bh3 Qd8 24. h5 Rb7 25. hxg6 fxg6 26. f7 Rg7 27. fxe8=Q Qxe8 28. Be6 Rb6 29.
Qf3 Rb8 30. Nf6 Qd8 31. Kg2 Be7 32. Be3 Nb7 33. Rh1 Bxf6 34. gxf6 Rc7 35. f7 h5
36. Rxh5+ 1-0

[Event "Hamburger Einzelturniere 2005"]
[Site "Hamburg"]
[Date "2005.08.14"]
[Round "1.15"]
[White "Weithart, Michael"]
[Black "Ristic, Sreten"]
[Result "1-0"]
[WhiteElo "1912"]
[BlackElo "1942"]
[PlyCount "87"]
[EventDate "2005.??.??"]

1. e4 d5 2. exd5 Qxd5 3. Nc3 Qa5 4. Nf3 Bg4 5. d4 e6 6. Be2 c6 7. O-O Nf6 8.
Re1 Be7 9. Ne5 Bxe2 10. Qxe2 Nbd7 11. Nxf7 Kxf7 12. Qxe6+ Kg6 13. Re3 h6 14.
Rg3+ Kh7 15. Qxe7 Rhg8 16. Qf7 Qf5 17. Qb3 b5 18. Be3 a5 19. Ne2 Nb6 20. Rf3
Qe4 21. Ng3 Qg6 22. Nf5 Nbd5 23. a3 a4 24. Qd3 Kh8 25. Rg3 Qe8 26. Nh4 g5 27.
Nf5 Qg6 28. Nxh6 Qxh6 29. Rh3 Nh5 30. g4 Ndf4 31. Bxf4 gxf4 32. f3 Rg5 33. Kf2
Rag8 34. Re1 Qh7 35. Qxh7+ Kxh7 36. Re5 Rxe5 37. dxe5 Rd8 38. Rxh5+ Kg6 39. Ke2
Rd4 40. h4 b4 41. c3 bxa3 42. bxa3 Rd5 43. e6 Rd8 44. e7 1-0

[Event "Hamburger Einzelturniere 2005"]
[Site "Hamburg"]
[Date "2005.08.14"]
[Round "1.16"]
[White "Pfeiffer, Daniel"]
[Black "Graffenberger, Wilhelm"]
[Result "1-0"]
[WhiteElo "1449"]
[BlackElo "1754"]
[PlyCount "63"]
[EventDate "2005.??.??"]

1. e4 e5 2. Nf3 Nc6 3. Nc3 Bc5 4. Nxe5 Bxf2+ 5. Kxf2 Nxe5 6. d4 Ng6 7. Bc4 d6
8. Rf1 Nf6 9. Kg1 h6 10. Qf3 O-O 11. Bxh6 gxh6 12. Qxf6 Qxf6 13. Rxf6 Kg7 14.
Raf1 Be6 15. Be2 c6 16. Bh5 Rac8 17. Bxg6 fxg6 18. Rxe6 Rxf1+ 19. Kxf1 Rf8+ 20.
Ke2 Rf6 21. Re7+ Rf7 22. Rxf7+ Kxf7 23. Kf3 Kf6 24. h4 h5 25. Kf4 b6 26. e5+
dxe5+ 27. dxe5+ Ke6 28. Ke4 a6 29. Na4 c5 30. Nxb6 a5 31. Nc4 a4 32. Nb6 1-0

[Event "Hamburger Einzelturniere 2005"]
[Site "Hamburg"]
[Date "2005.08.14"]
[Round "1.18"]
[White "Urban, Ralf-Dieter"]
[Black "Kolster, Jascha"]
[Result "1-0"]
[WhiteElo "1993"]
[BlackElo "1146"]
[PlyCount "45"]
[EventDate "2005.??.??"]

1. e4 e5 2. f4 d6 3. Nf3 f5 4. d4 fxe4 5. Ng5 exd4 6. Qxd4 d5 7. f5 Nc6 8. Bb5
Be7 9. Qxg7 Kd7 10. Qxh8 Bxg5 11. Bxg5 Qxg5 12. O-O a6 13. Bxc6+ bxc6 14. f6
Qe3+ 15. Kh1 Qe2 16. Nc3 Qg4 17. f7 Bb7 18. f8=Q Rxf8 19. Rxf8 Ne7 20. Raf1 Kd6
21. Na4 Qg5 22. Rd8+ Ke6 23. Nc5# 1-0

[Event "Hamburger Einzelturniere 2005"]
[Site "Hamburg"]
[Date "2005.08.14"]
[Round "1.19"]
[White "Stepien, Tomasz"]
[Black "Sternberg, Lew"]
[Result "0-1"]
[WhiteElo "1145"]
[BlackElo "1909"]
[PlyCount "64"]
[EventDate "2005.??.??"]

1. d4 d5 2. c4 c6 3. Nc3 Nf6 4. e3 e6 5. a3 Bd6 6. Nf3 Nbd7 7. Bd3 O-O 8. c5
Bc7 9. O-O e5 10. dxe5 Nxe5 11. Nxe5 Bxe5 12. Re1 Qa5 13. Bd2 Qxc5 14. Rc1 Qb6
15. Qc2 Be6 16. f4 Bd6 17. Ne2 Rfe8 18. Bc3 Qxe3+ 19. Kh1 Ng4 20. Rf1 Nf2+ 21.
Rxf2 Qxf2 22. Bxh7+ Kh8 23. Rd1 Bg4 24. Bxg7+ Kxg7 25. Qc3+ Kxh7 26. Qd3+ f5
27. h3 Rxe2 28. Rg1 Re3 29. Rf1 Re1 30. hxg4 Rxf1+ 31. Kh2 Bxf4+ 32. Kh3 Rh1#
0-1

[Event "Hamburger Einzelturniere 2005"]
[Site "Hamburg"]
[Date "2005.08.14"]
[Round "1.21"]
[White "Cassens, Erhard Otto"]
[Black "Jachinski, Ronald"]
[Result "0-1"]
[WhiteElo "1777"]
[BlackElo "1456"]
[PlyCount "36"]
[EventDate "2005.??.??"]

1. c4 Nf6 2. Nc3 e5 3. g3 d6 4. Bg2 Be7 5. e3 Be6 6. Bxb7 Nbd7 7. Bxa8 Qxa8 8.
Qf3 e4 9. Qe2 Ne5 10. Nd5 Bxd5 11. cxd5 Qxd5 12. Qa6 Nd3+ 13. Kf1 Qf5 14. f4
Qc5 15. Ne2 O-O 16. Nc3 Qh5 17. Nxe4 Qf3+ 18. Kg1 Nxe4 0-1

[Event "Hamburger Einzelturniere 2005"]
[Site "Hamburg"]
[Date "2005.08.14"]
[Round "1.22"]
[White "Klewin, Oliver"]
[Black "Biermann, Helge"]
[Result "1/2-1/2"]
[WhiteElo "1768"]
[BlackElo "1762"]
[PlyCount "48"]
[EventDate "2005.??.??"]

1. e4 e6 2. d4 d5 3. Nc3 Bb4 4. e5 Ne7 5. a3 Bxc3+ 6. bxc3 c5 7. Qg4 Qc7 8. Nf3
cxd4 9. Qxd4 Bd7 10. Bd3 Nbc6 11. Qe3 Na5 12. Bd2 Nc4 13. Bxc4 dxc4 14. Nd4 Ba4
15. Rb1 Nc6 16. Nb5 Bxb5 17. Rxb5 b6 18. O-O O-O-O 19. f4 Rd7 20. Qf2 Rhd8 21.
Be3 Rd1 22. Rb1 Rxf1+ 23. Rxf1 Rd5 24. Qe2 Ne7 1/2-1/2

[Event "Hamburger Einzelturniere 2005"]
[Site "Hamburg"]
[Date "2005.08.20"]
[Round "2.1"]
[White "Urban, Ralf-Dieter"]
[Black "Reddmann, Hauke"]
[Result "0-1"]
[WhiteElo "1993"]
[BlackElo "2336"]
[PlyCount "50"]
[EventDate "2005.??.??"]

1. e4 c5 2. Nf3 e6 3. d4 cxd4 4. Nxd4 a6 5. Nc3 Qc7 6. Bd3 b5 7. O-O Bb7 8. Bg5
Nf6 9. Qe2 d6 10. Bxf6 gxf6 11. Qh5 Qc5 12. Qxc5 dxc5 13. Nb3 c4 14. Na5 Bc8
15. a4 cxd3 16. axb5 Nd7 17. cxd3 Bb4 18. Nc6 Bxc3 19. bxc3 Nc5 20. Rfb1 Bd7
21. Nb4 Bxb5 22. d4 Nxe4 23. Nxa6 Bxa6 24. f3 Nxc3 25. Rxa6 O-O 0-1

[Event "Hamburger Einzelturniere 2005"]
[Site "Hamburg"]
[Date "2005.08.20"]
[Round "2.2"]
[White "Meier, David-Geffrey"]
[Black "Weithart, Michael"]
[Result "1-0"]
[WhiteElo "2202"]
[BlackElo "1912"]
[PlyCount "101"]
[EventDate "2005.??.??"]

1. f4 e5 2. fxe5 d6 3. exd6 Bxd6 4. Nf3 Nc6 5. g3 Nf6 6. Bg2 Bg4 7. d3 Bc5 8.
c3 Qd7 9. Nbd2 O-O-O 10. b4 Bb6 11. Nc4 Rhe8 12. Nxb6+ axb6 13. O-O Bxf3 14.
Bxf3 Nxb4 15. Qb3 Nc6 16. Bg5 Qe6 17. Qa4 Kb8 18. Rab1 Nd5 19. Bxd8 Qe3+ 20.
Kh1 Nxc3 21. Qc4 Nxb1 22. Bxc7+ Kxc7 23. Rxb1 Re7 24. Rc1 Kb8 25. Rc3 Qf2 26.
Qf4+ Re5 27. Rc1 g5 28. Qxf7 Re7 29. Qg8+ Ka7 30. Qxg5 Rf7 31. Qd5 Re7 32. Qd6
Rf7 33. Qa3+ Na5 34. d4 Qxd4 35. Qc3 Qd6 36. Qe1 Qe6 37. Qc3 Qd6 38. Kg2 Qe6
39. Qc2 Qe3 40. Rd1 Nc6 41. Qd3 Qc5 42. Qd5 Ne5 43. Rd4 Rd7 44. Ra4+ Kb8 45.
Qg8+ Kc7 46. Ra8 Nc6 47. Rc8+ Kd6 48. Qf8+ Re7 49. Qf6+ Re6 50. Qg7 Re7 51.
Qh6+ 1-0

[Event "Hamburger Einzelturniere 2005"]
[Site "Hamburg"]
[Date "2005.08.20"]
[Round "2.3"]
[White "Sternberg, Lew"]
[Black "Möhrmann, Marcus"]
[Result "1-0"]
[WhiteElo "1909"]
[BlackElo "2126"]
[PlyCount "69"]
[EventDate "2005.??.??"]

1. e4 e5 2. f4 exf4 3. Nf3 Nf6 4. e5 Nh5 5. Bc4 d5 6. exd6 Bxd6 7. O-O O-O 8.
d4 Nd7 9. Nc3 Ndf6 10. Ne5 c5 11. Nb5 Bb8 12. Nf3 a6 13. Nc3 cxd4 14. Ne2 Ba7
15. Nexd4 Bg4 16. c3 Qc7 17. Be2 Rad8 18. h3 Bxf3 19. Rxf3 Nd5 20. Rd3 Ng3 21.
Bf3 Rfe8 22. Bxd5 Rxd5 23. Kh2 f3 24. Qxf3 Nf1+ 25. Kg1 Qh2+ 26. Kf2 Ng3 27.
Bf4 Rxd4 28. cxd4 Nh1+ 29. Kf1 Ng3+ 30. Kf2 Nh1+ 31. Rxh1 Qxh1 32. Rd1 Bxd4+
33. Be3 Bxe3+ 34. Qxe3 Rxe3 35. Rd8+ 1-0

[Event "Hamburger Einzelturniere 2005"]
[Site "Hamburg"]
[Date "2005.08.20"]
[Round "2.4"]
[White "Holzweißig, Hans-Joachim"]
[Black "Homm, Marc-Michael"]
[Result "0-1"]
[WhiteElo "1732"]
[BlackElo "2055"]
[PlyCount "110"]
[EventDate "2005.??.??"]

1. Nc3 d5 2. e4 d4 3. Nce2 c5 4. Ng3 Nc6 5. Bc4 g6 6. a3 Bg7 7. d3 Nf6 8. Nf3
O-O 9. Bd2 Bg4 10. Ba2 a5 11. h3 Bd7 12. Qc1 e5 13. h4 h5 14. Ng5 Qe7 15. O-O
Be6 16. Nxe6 fxe6 17. Bg5 Kh7 18. Ne2 Qd6 19. f3 b5 20. Bd2 Ra7 21. Qe1 Bh6 22.
Bxh6 Kxh6 23. Qg3 Nh7 24. Qh3 Nd8 25. g4 Rc7 26. gxh5 gxh5 27. Kh2 Rcf7 28. Rf2
Rf6 29. Rg1 R8f7 30. Rg3 Nf8 31. Rfg2 Ng6 32. Kg1 Qc6 33. Rxg6+ Rxg6 34. Rxg6+
Kxg6 35. Qg3+ Kh7 36. Qxe5 Rg7+ 37. Kf2 Qe8 38. Nf4 Qf7 39. Nxh5 Rg6 40. Ng3
Rf6 41. Qh5+ Qxh5 42. Nxh5 Rh6 43. Nf4 Rxh4 44. Kg3 Rh6 45. Kg4 Kg7 46. Nh5+
Kf7 47. f4 Rg6+ 48. Kf3 Rg1 49. f5 Rf1+ 50. Kg4 Ke7 51. f6+ Kf7 52. Kg5 Ra1 53.
Bxe6+ Nxe6+ 54. Kf5 Ra2 55. Nf4 Nxf4 0-1

[Event "Hamburger Einzelturniere 2005"]
[Site "Hamburg"]
[Date "2005.08.20"]
[Round "2.5"]
[White "Schroeder, Gerhard"]
[Black "Schröder, Kai Uwe"]
[Result "1-0"]
[WhiteElo "2040"]
[BlackElo "1716"]
[PlyCount "59"]
[EventDate "2005.??.??"]

1. d4 e6 2. e4 d5 3. e5 c5 4. c3 Qb6 5. Nf3 Bd7 6. a3 Nc6 7. b4 cxd4 8. cxd4
Nge7 9. Nc3 a6 10. Na4 Qd8 11. Nc5 Qc8 12. Bd3 b6 13. Nxd7 Qxd7 14. b5 Nb8 15.
Qb3 a5 16. a4 Ng6 17. Ba3 Be7 18. g3 Ra7 19. Rc1 Rc7 20. Ke2 O-O 21. Rxc7 Qxc7
22. Rc1 Qd7 23. Bd6 Bxd6 24. exd6 Qxd6 25. Bxg6 hxg6 26. Ne5 g5 27. Qc3 Kh7 28.
Qc7 Qxc7 29. Rxc7 f6 30. Nc6 1-0

[Event "Hamburger Einzelturniere 2005"]
[Site "Hamburg"]
[Date "2005.08.20"]
[Round "2.6"]
[White "Bock, Oliver"]
[Black "Schäfer, Jakob"]
[Result "0-1"]
[WhiteElo "1692"]
[BlackElo "2033"]
[PlyCount "56"]
[EventDate "2005.??.??"]

1. d4 Nf6 2. Nf3 e6 3. e3 c5 4. Bd3 Nc6 5. c3 d5 6. Nbd2 Bd6 7. O-O O-O 8. dxc5
Bxc5 9. e4 Qc7 10. h3 Rd8 11. exd5 Rxd5 12. Qc2 Rh5 13. Ne4 Nxe4 14. Bxe4 f5
15. Bxc6 bxc6 16. Re1 Rxh3 17. Ne5 Rh4 18. g3 Rh5 19. Qe2 g6 20. Bf4 Qb6 21.
Rad1 Bxf2+ 22. Qxf2 Rh1+ 23. Kxh1 Qxf2 24. Rd8+ Kg7 25. Red1 c5 26. R1d7+ Bxd7
27. Rxa8 g5 28. Rxa7 gxf4 0-1

[Event "Hamburger Einzelturniere 2005"]
[Site "Hamburg"]
[Date "2005.08.20"]
[Round "2.7"]
[White "Jachinski, Ronald"]
[Black "Kyeck, Christopher"]
[Result "0-1"]
[WhiteElo "1456"]
[BlackElo "2017"]
[PlyCount "96"]
[EventDate "2005.??.??"]

1. Nf3 d5 2. d4 Nf6 3. e3 Bg4 4. Nbd2 e6 5. Be2 c5 6. c3 Nc6 7. a3 Bd6 8. O-O
Qc7 9. g3 O-O 10. b4 b6 11. Bb2 c4 12. Nh4 Bh3 13. Re1 g5 14. Ng2 Ne7 15. f4 g4
16. Nh4 Nf5 17. Nxf5 exf5 18. Bf1 Bxf1 19. Kxf1 Rae8 20. Qc2 Qd7 21. Re2 Kg7
22. a4 Kg6 23. Ba3 Re6 24. Rae1 h5 25. Bc1 Rfe8 26. b5 Rh8 27. Kg2 Qe8 28. Qa2
Qf8 29. Rh1 Qe7 30. Nf1 Ne4 31. Qc2 a6 32. Nd2 Nf6 33. Nf1 axb5 34. axb5 Ra8
35. Qb1 Ne4 36. Rc2 Ra5 37. h3 Qe8 38. hxg4 hxg4 39. Kg1 Rxb5 40. Qa1 Ra5 41.
Qb1 Qa4 42. Rhh2 Rb5 43. Qa2 Qxa2 44. Rxa2 Nxc3 45. Ra8 Rb1 46. Bd2 Ne4 47.
Rg8+ Kf6 48. Rg2 c3 0-1

[Event "Hamburger Einzelturniere 2005"]
[Site "Hamburg"]
[Date "2005.08.20"]
[Round "2.8"]
[White "Szudra, Heinz-Werner"]
[Black "Ludwig, Jan"]
[Result "1-0"]
[WhiteElo "2016"]
[BlackElo "1566"]
[PlyCount "83"]
[EventDate "2005.??.??"]

1. c4 e5 2. Nc3 Nf6 3. Nf3 Nc6 4. g3 Bb4 5. Bg2 O-O 6. O-O d6 7. d3 Be6 8. Bg5
h6 9. Bxf6 Qxf6 10. Nd5 Qd8 11. Nxb4 Nxb4 12. Qb3 a5 13. a3 Na6 14. Qc3 c6 15.
b4 a4 16. Nd2 Qd7 17. d4 Rfe8 18. dxe5 dxe5 19. Ne4 Rad8 20. b5 cxb5 21. c5 Bc4
22. Nd6 Nxc5 23. Nxe8 Rxe8 24. Rfd1 Qc7 25. e3 e4 26. Bf1 Nb3 27. Ra2 Rc8 28.
Rc2 Qe7 29. Qb2 Qe6 30. Qc3 Rc6 31. Qb4 Bxf1 32. Rxc6 bxc6 33. Kxf1 Qe8 34. Qd6
Kh7 35. Qd7 Qa8 36. Qf5+ Kg8 37. Rd7 Qe8 38. Rc7 c5 39. Rc8 Kf8 40. Rxe8+ Kxe8
41. Qc8+ Ke7 42. Qb7+ 1-0